ნორმალური ფორმატი
MARC ფორმატი
ჩანაწერი Corporate Name
ჩანაწერთა რაოდენობა, რომელიც გამოყენებულია: 1
001 - CONTROL NUMBER
- control field: 18998
003 - CONTROL NUMBER IDENTIFIER
- control field: GE_BSU
005 - DATE AND TIME OF LATEST TRANSACTION
- control field: 20230627121848.0
008 - FIXED-LENGTH DATA ELEMENTS
- fixed length control field: 230627|| aca||aabn | a|a d
040 ## - CATALOGING SOURCE
- Original cataloging agency: GE_BSU
- Transcribing agency: GE_BSU
110 ## - HEADING--CORPORATE NAME
- Corporate name or jurisdiction name as entry element: საქარტველოს სსრ მეცნიერება აკადემია
- Subordinate unit: ქართული ლიტერატურის ინსტიტუტი
670 ## - SOURCE DATA FOUND
- Source citation: Work cat.: (GE_BSU)55925: ლოლაშვილი, ი. 7349, სულხან-საბა ორბელიანის ლიტერატურული მოღვაწეობიდან, 1698-1713 წწ. /
